| 000 | 00952nam a2200289Ia 4500 | ||
|---|---|---|---|
| 003 | OSt | ||
| 005 | 20220918222353.0 | ||
| 006 | a|||||r|||| 00| 0 | ||
| 007 | ta | ||
| 008 | 220917b |||||||| |||| 00| 0 eng d | ||
| 024 | _a216,675 | ||
| 037 | _cTextual | ||
| 040 |
_aARTS _cARTS _beng |
||
| 041 |
_2eng _aeng |
||
| 082 | _aO122v:g, 111P1(TTO) | ||
| 100 |
_aBlanchot Maurice _952634 |
||
| 245 | 0 | _aFaux Pas ed. by Werner Hamacher and David E. Wellbery | |
| 260 |
_aCalifornia _bStandford University press _c2001 |
||
| 300 |
_axii,309p. _ccm. |
||
| 490 | _aMeridian crossing aesthetics | ||
| 650 | _aENGLISH LITERATURE | ||
| 700 |
_a Hamache Werner Ed. _9142974 |
||
| 700 |
_a Mandell Charlotte Tr. _9141378 |
||
| 700 |
_a Wellbery David E. Ed. _9142975 |
||
| 942 |
_hO122v:g, 111P1(TTO) _cTEXL _2CC |
||
| 999 |
_c275346 _d275346 |
||